[Event "Kesan op"]
[Site "Kesan"]
[Date "2022.08.04"]
[Round "4"]
[White "Annaberdiev, Meilis"]
[Black "Avseren, Muhammet Emir"]
[Result "1-0"]
[WhiteElo "2484"]
[BlackElo "1394"]
[PlyCount "81"]
[EventDate "2022.08.02"]
[EventType "swiss"]
[EventRounds "9"]
[EventCountry "TUR"]
[SourceTitle "CBM 209 Extra"]
[Source "ChessBase"]
[SourceDate "2022.09.30"]
[SourceVersion "1"]
[SourceVersionDate "2022.09.30"]
[SourceQuality "1"]

1. e4 c5 2. Nf3 g6 3. c3 d5 4. exd5 Qxd5 5. d4 Bg7 6. Na3 Nf6 7. Nb5 Na6 8. Be2 cxd4 9. Qxd4 0-0 10. Qxd5 Nxd5 11. 0-0 Bf5 12. Rd1 Rfd8 13. Nbd4 Nc5 14. Nxf5 gxf5 15. Nd4 e6 16. Bg5 Rd7 17. Nb3 Ne4 18. Be3 Rdd8 19. Bd2 Rac8 20. g3 a6 21. Be1 b5 22. Bf3 b4 23. cxb4 Rc2 24. Rab1 Rdc8 25. Nd4 R2c4 26. Nxf5 exf5 27. Rxd5 Rc1 28. Rxc1 Rxc1 29. Rd8+ Bf8 30. Rd1 Rc2 31. Bxe4 fxe4 32. Bc3 Be7 33. Rd2 Rc1+ 34. Kg2 f5 35. Rd7 Kf7 36. b5 Ke6 37. Rxe7+ Kxe7 38. bxa6 Rd1 39. a7 Rd8 40. Be5 Rd5 41. a8Q 1-0